=LDR 00000nam 2200000 4500 =001 INLIS000000000013177 =005 20130612104617 =008 ***********************************Ind** =035 ##$$0010-061300000013177 =041 ##$$a Ind =082 ##$$a 371.271 =090 ##$$a 371.271, Det d =245 ##$$a Detik-detik ujian nasional SMA IPA =260 ##$$a 2003 $b Klaten =300 ##$$a 168 hlm, ilus, 30 cm =650 ##$$a Ujian, soal, dsb =850 ##$$a NBPNMAT